En las nieves eternas; vida del dr. alberto m. serrano /

Guardado en:
Autor Principal: Ponte, Luis Pedro
Formato: Libro
Publicado: Buenos Aires : Yacimientos petrol¡feros fiscales, 1984
Materias:
Etiquetas: Agregar Etiqueta
Sin Etiquetas, Sea el primero en etiquetar este registro!
LEADER 00477nam a22001575a 4500
001 CEM.cems005127
005 20060220000000.0
008 130507s1984##################000#0#####d
003 CEMS
082 0 4 |a 927 
100 1 |a Ponte, Luis Pedro 
245 1 0 |a En las nieves eternas; vida del dr. alberto m. serrano / 
260 |a Buenos Aires :  |b Yacimientos petrol¡feros fiscales,  |c 1984 
300 |a 259 p. 
653 |a Biografias 
859 |a CEMS  |b BIB. CEMS - 11 de abril  |h 927  |i Se68p  |p 13429.85  |t Ej.1